[Event "33rd ECCC Open 2017"]
[Site "Antalya"]
[Date "2017.10.12"]
[Round "5"]
[White "Saraci, Nderim"]
[Black "Thorfinnsson, Bjorn"]
[Result "1-0"]
[WhiteElo "2393"]
[BlackElo "2398"]
[Annotator "NA"]
[PlyCount "159"]
[EventType "team-tourn"]
[EventCountry "TUR"]
[SourceTitle "playchess.com"]
[Source "ChessBase"]
[SourceQuality "1"]
[WhiteTeam "Hasan Pristina"]
[BlackTeam "Viking"]
[TimeControl "40/5400+30:1800+30"]

1. c4 {[%emt 0:00:30]} Nf6 {[%emt 0:01:00]} 2. Nf3 {[%emt 0:00:30]} c5 {[%emt 0:00:30]} 3. Nc3 {[%emt 0:03:30]} Nc6 {[%emt 0:00:30]} 4. d4 {[%emt 0:00:30]} cxd4 {[%emt 0:00:30]} 5. Nxd4 {[%emt 0:00:00]} e6 {[%emt 0:07:30]} 6. Ndb5 {[%emt 0:02:00]} d5 {[%emt 0:06:30]} 7. cxd5 {[%emt 0:00:30]} Nxd5 {[%emt 0:00:30]} 8. Nxd5 {[%emt 0:00:30]} exd5 {[%emt 0:00:30]} 9. Qxd5 {[%emt 0:10:30] A33: Symmetrical English: 2 Nf3 Nf6 3 d4 cxd4 4 Nxd4 e6 5 Nc3 Nc6} (9. e3 Be7 10. Bd2 a6 11. Nd4 Nxd4 12. exd4 Qb6 13. Bc3 Qg6 14. Qf3 Bg4 15. Qe3 O-O 16. Bd3 f5 {0-1 (57) Handler,L (2398)-Melkumyan,H (2589) Graz 2014}) 9... Bb4+ {[%emt 0:01:30]} 10. Bd2 {[%emt 0:01:30]} Be6 {[%emt 0:03:30]} 11. Qxd8+ {[%emt 0:01:30]} Rxd8 {[%emt 0:00:30]} 12. Bc3 {[%emt 0:02:30]} O-O {[%emt 0:03:30]} 13. e3 {[%emt 0:07:30]} a6 {[%emt 0:01:30]} 14. Na3 $146 {[%emt 0:01:30]} ({Predecessor:} 14. a3 Bc5 15. Nd4 Bxd4 16. exd4 Nxd4 {0-1 (40) Incutto,C-Dos Santos,F Olivos 1993}) 14... Bxc3+ {[%emt 0:01:30]} 15. bxc3 {[%emt 0:00:30]} Ne5 {[%emt 0:00:00]} 16. Nc2 {[%emt 0:10:30]} Nd3+ {[%emt 0:06:00]} 17. Bxd3 {[%emt 0:01:30]} Rxd3 {[%emt 0:00:30]} 18. Nd4 {[%emt 0:01:30]} Bd5 {[%emt 0:12:30]} 19. O-O {[%emt 0:07:30]} Rc8 {[%emt 0:01:30]} 20. h3 {[%emt 0:05:30]} Kf8 {[%emt 0:02:30]} 21. a4 {[%emt 0:03:30]} Rdxc3 {[%emt 0:01:30]} 22. Rfd1 {[%emt 0:00:30]} R8c5 {[%emt 0:01:30]} 23. Nf5 {[%emt 0:05:30]} g6 {[%emt 0:07:30]} 24. e4 {[%emt 0:01:30]} Bc6 {[%emt 0:00:30]} 25. Rd8+ {[%emt 0:00:30]} Be8 {[%emt 0:00:30]} 26. Nd6 {[%emt 0:00:30]} Rc1+ {[%emt 0:00:30]} 27. Rxc1 {[%emt 0:00:30]} Rxc1+ {[%emt 0:00:30]} 28. Kh2 {[%emt 0:00:30]} Ke7 {[%emt 0:00:30]} 29. Rxe8+ {[%emt 0:00:30]} Kxd6 {[%emt 0:00:00]} 30. Rd8+ {[%emt 0:00:30]} Kc7 {[%emt 0:05:00]} 31. Rf8 {[%emt 0:00:30]} Ra1 {[%emt 0:00:30]} 32. Rxf7+ {[%emt 0:00:30]} Kc6 {[%emt 0:00:30]} 33. Rf6+ {[%emt 0:12:42]} Kc5 {[%emt 0:01:30]} 34. Rf7 {[%emt 0:00:14]} b6 {[%emt 0:00:30]} 35. Rc7+ {[%emt 0:00:08]} Kb4 {[%emt 0:06:30]} 36. e5 {[%emt 0:02:37]} Re1 {[%emt 0:01:30]} 37. Rc6 {[%emt 0:10:17]} Ka5 {[%emt 0:01:30]} 38. f4 {[%emt 0:01:20]} Re4 {[%emt 0:22:24]} 39. Kg3 {[%emt 0:00:34]} Rxa4 {[%emt 0:00:05]} 40. e6 {[%emt 0:00:00]} Rd4 {[%emt 0:05:01]} 41. e7 {[%emt 0:05:38]} Re4 {[%emt 0:00:30]} 42. Rc7 {[%emt 0:00:30]} b5 {[%emt 0:01:30]} 43. Kf3 {[%emt 0:00:30]} Re1 {[%emt 0:00:00]} 44. Rb7 {[%emt 0:00:30]} Kb4 {[%emt 0:02:00]} 45. g4 {[%emt 0:01:30]} Kc5 {[%emt 0:00:30]} 46. f5 {[%emt 0:01:30]} gxf5 {[%emt 0:00:30]} 47. gxf5 {[%emt 0:00:30]} Kc6 {[%emt 0:00:00]} 48. Ra7 {[%emt 0:00:30]} Kb6 {[%emt 0:00:00]} 49. Rxa6+ {[%emt 0:00:30]} Kxa6 {[%emt 0:00:30]} 50. f6 {[%emt 0:00:30]} b4 {[%emt 0:00:30]} 51. f7 {[%emt 0:00:00]} Rxe7 {[%emt 0:00:30]} 52. f8=Q {[%emt 0:00:00]} Rb7 {[%emt 0:00:00]} 53. Ke3 {[%emt 0:01:30]} Ka7 {[%emt 0:01:00]} 54. Qc5+ {[%emt 0:00:30]} Kb8 {[%emt 0:00:30]} 55. Qe5+ {[%emt 0:03:30]} Ka8 {[%emt 0:00:30]} 56. Qe8+ {[%emt 0:01:30]} Ka7 {[%emt 0:00:30]} 57. Qa4+ {[%emt 0:00:30]} Kb8 {[%emt 0:00:30]} 58. Qb3 {[%emt 0:00:00]} Re7+ {[%emt 0:01:30]} 59. Kd4 {[%emt 0:00:00]} Rd7+ {[%emt 0:00:30]} 60. Kc5 {[%emt 0:00:30]} Rc7+ {[%emt 0:00:00]} 61. Kd6 {[%emt 0:00:30]} Rb7 {[%emt 0:00:00]} 62. h4 {[%emt 0:00:30]} Ka7 {[%emt 0:00:30]} 63. Kc6 {[%emt 0:00:30]} Rb6+ {[%emt 0:00:30]} 64. Kc5 {[%emt 0:00:30]} Rb7 {[%emt 0:00:30]} 65. Kd4 {[%emt 0:02:30]} Rd7+ {[%emt 0:00:30]} 66. Ke3 {[%emt 0:00:00]} Re7+ {[%emt 0:00:30]} 67. Kd2 {[%emt 0:00:00]} Rd7+ {[%emt 0:00:30]} 68. Kc2 {[%emt 0:00:30]} Rc7+ {[%emt 0:00:30]} 69. Kb2 {[%emt 0:01:30]} Rb7 {[%emt 0:01:30]} 70. Qe3+ {[%emt 0:00:30]} Kb8 {[%emt 0:00:30]} 71. Kb3 {[%emt 0:00:30]} Ka8 {[%emt 0:00:30]} 72. Qe8+ {[%emt 0:00:30]} Ka7 {[%emt 0:00:30]} 73. Qc8 {[%emt 0:00:00]} Rb5 {[%emt 0:02:30]} 74. Ka4 {[%emt 0:02:00]} Rb7 {[%emt 0:00:30]} 75. Ka5 {[%emt 0:00:30]} b3 {[%emt 0:00:30]} 76. Qc5+ {[%emt 0:00:30]} Kb8 {[%emt 0:01:30]} 77. Ka6 {[%emt 0:00:00]} Rd7 {[%emt 0:01:30]} 78. Qe5+ {[%emt 0:01:00]} Kc8 {[%emt 0:00:00]} 79. Kb6 {[%emt 0:01:30]} Kd8 {[%emt 0:01:00]} 80. Qh8+ {[%emt 0:00:30]} 1-0

[Event "33rd ECCC Open 2017"]
[Site "Antalya"]
[Date "2017.10.13"]
[Round "5"]
[White "Kjartansson, David"]
[Black "Quillan, Gary"]
[Result "1-0"]
[WhiteElo "2386"]
[BlackElo "2347"]
[Annotator "TA"]
[PlyCount "123"]
[EventType "team-tourn"]
[EventCountry "TUR"]
[SourceTitle "playchess.com"]
[Source "ChessBase"]
[SourceQuality "1"]
[WhiteTeam "Fjolnir"]
[BlackTeam "3CS Oldham"]

{[%evp 17,123,26,62,0,18,18,31,25,31,9,31,25,28,10,8,0,20,20,25,22,31,17,23,0,0,-16,-10,-14,0,0,19,0,0,-20,0,0,4,4,2,5,0,18,29,0,0,0,45,45,123,131,156,180,191,172,275,213,456,468,452,450,453,342,348,349,344,321,564,559,534,534,608,581,593,598,698,622,632,525,876,860,842,698,600,608,586,510,1274,1254,1220,1227,1102,1072,1020,0,1180,479,1343,1341,12838,12838,29987,29983,29983,29984,29984,29985,29990,29991]} 1. e4 e6 2. d4 d5 3. Nc3 Bb4 4. e5 c5 5. a3 Bxc3+ 6. bxc3 Qa5 7. Bd2 Qa4 8. Qb1 a6 {C18: French: 3 Nc3 Bb4: Main line: 7 h4 and 7 Qg4} (8... c4 9. Nh3 Nc6 10. Nf4 Bd7 11. Be2 O-O-O 12. O-O f6 13. Re1 fxe5 14. dxe5 Nxe5 15. Bh5 Nc6 16. Bf7 Nf6 17. Nxe6 Bxe6 18. Bxe6+ {½-½ (58) Sethuraman,S (2618)-Harikrishna,P (2743) Tbilisi 2017}) 9. Nf3 Nc6 {[%cal Rc5d4] LiveBook: 17 Games} 10. Bd3 (10. Qb3 $14 Qa5 11. dxc5) 10... c4 {The position is equal.} 11. Be2 Nge7 12. O-O O-O 13. Ng5 f6 $146 ({Predecessor:} 13... h6 14. Nf3 Bd7 15. Ra2 b5 16. Qc1 {1-0 (39) Altimira,J (1872)-Frederiksen Kristian,P (1843) Ditzingen 2013}) 14. exf6 Rxf6 15. Nh3 Qa5 {White should prevent ...Nxd4!} 16. Qe1 Bd7 {[%cal Bc8d7,Bd7e8,Be8g6,Bg6f5][%mdl 32]} 17. Bf4 h6 18. Qd2 Raf8 19. Bd6 Qd8 20. f3 Be8 21. Bg3 Nf5 22. Bf2 Qd7 23. a4 Bg6 24. Rfb1 Nd6 25. Rb2 R6f7 26. Bg3 Nf5 27. Be1 Nd6 28. Nf2 {[%cal Bh3f2,Bf2d1,Bd1e3][%mdl 32]} Bf5 29. Nd1 g5 30. Ne3 Rg7 31. Bg3 h5 32. Rab1 Rff7 {[#]} (32... Nd8 $14) 33. Be5 $1 $16 Rg6 34. Bxd6 Qxd6 35. Rxb7 Ne7 (35... Rxb7 $142 36. Rxb7 a5) 36. Bxc4 g4 $2 (36... dxc4 37. Nxc4 Qf4) 37. fxg4 $18 hxg4 38. Nxf5 exf5 39. R1b6 Qxb6 40. Rxb6 Rxb6 41. Be2 Nc8 $2 (41... Rff6 {might work better.} 42. c4 dxc4 43. Bxc4+ Kf8) 42. Qg5+ Kh7 43. Qd8 Rb1+ 44. Kf2 Ne7 45. Bxa6 f4 46. Bd3+ Kg7 47. Qd6 Rh1 48. Qe5+ Kg8 49. Qg5+ Rg7 50. Qh5 {[%cal Rh5e8] [#]} Kf8 51. g3 f3 (51... fxg3+ $142 52. Kxg3 Rg1+ 53. Kf2 Ra1) 52. a5 {[%cal Ba4a5,Ba5a6][%mdl 32]} Ng8 53. a6 Nf6 54. Qh8+ Ng8 55. Qh5 $2 ({Better is} 55. c4 $18 Rd1 56. Qh5) 55... Rf7 $2 {[%mdl 8192]} (55... Nf6 $11 56. Qe5 Ne8 57. Qxd5 Rxh2+ 58. Kg1 Rh6 59. Qc5+ Re7) 56. Bf5 (56. Qxd5 $142 Ne7 57. Qd8+ Kg7 58. a7 Rxh2+ 59. Kg1) 56... Ra1 (56... Rd1 $142 57. a7 Rd2+ 58. Ke3 Re2+ 59. Kd3 Rxa7 60. Bxg4 Rae7) 57. Be6 {[%csl Ge6][%cal Rh5f7]} Rg7 58. Qxd5 {[%cal Rd5d8]} Re7 59. Qd8+ {White mates.} Re8 60. Qd6+ Kg7 61. Qe5+ Kh6 62. Qf4+ {Precision: White = 56%, Black = 35%.} 1-0

[Event "33rd ECCC Open 2017"]
[Site "Antalya"]
[Date "2017.10.12"]
[Round "5"]
[White "Bertagnolli, Alexander"]
[Black "Postny, Evgeny"]
[Result "0-1"]
[WhiteElo "2372"]
[BlackElo "2569"]
[Annotator "TA"]
[PlyCount "80"]
[EventType "team-tourn"]
[EventCountry "TUR"]
[SourceTitle "playchess.com"]
[Source "ChessBase"]
[SourceQuality "1"]
[WhiteTeam "Augusta Perusia"]
[BlackTeam "Beer Sheva"]

{[%evp 12,80,21,31,28,35,29,35,22,29,47,-53,-43,-211,-206,-204,-215,-277,-276,-268,-160,-235,-115,-300,-260,-374,-259,-260,-153,-270,-237,-232,-186,-224,-212,-306,-281,-320,-334,-364,-359,-354,-337,-352,-360,-345,-353,-356,-318,-427,-287,-335,-291,-290,-279,-287,-261,-302,-297,-265,-281,-279,-225,-247,-225,-284,-272,-514,-509,-494,-491]} 1. e4 c6 2. d4 d5 3. e5 Bf5 4. h4 Qc7 (4... h5 5. Bd3 Bxd3 6. Qxd3 e6 7. Bg5 Be7 8. Nf3 Nh6 9. c4 dxc4 10. Qxc4 Nd7 11. Nc3 Nb6 12. Qb3 Nf5 13. Rd1 Rb8 14. Bxe7 Qxe7 {½-½ (35) Cheparinov,I (2703)-Solak,D (2624) Kocaeli 2017}) 5. c4 dxc4 6. Bxc4 {B12: Caro-Kann (Vorstoß-Variante)} e6 7. Nc3 {LiveBook: 3 Partien. Droht g4 und aus.} h5 $146 ({Vorgänger:} 7... h6 8. Be3 Nd7 9. Rc1 Ne7 10. Bb3 a6 11. Nge2 Nb6 12. Nf4 {½-½ (65) Tate,A (2309)-Istratescu,A (2593) Caleta 2017}) 8. Nge2 {Weiß hat minimalen Vorteil.} Nd7 9. Ng3 Bg6 10. Bg5 Be7 11. f4 ({Günstiger ist} 11. Bd3 $14) 11... O-O-O $15 12. f5 $2 {[#]} (12. Qe2 $15) 12... Bxg5 $1 $19 ({Keinesfalls} 12... exf5 13. Bf4 $17) 13. fxg6 {[#]} ({Ein No Go ist} 13. hxg5 Nxe5 14. fxg6 Nxc4 $17) 13... Nxe5 $1 {[%mdl 512]} 14. Bxe6+ (14. dxe5 Rxd1+) 14... fxe6 15. hxg5 Nxg6 (15... Ne7 $19 16. Nge2 Nf5) 16. Nge4 {[#]} (16. Qd3 $17) 16... Qf4 (16... N8e7 $1 $19 {und Schwarz behält klar die Oberhand. Und ...e5 würde nun gewinnen.} 17. Qb3 Rxd4 18. Qxe6+ Kb8) 17. Rh3 $2 (17. Rf1 $17 {ist wohl besser.} Qe3+ 18. Qe2 Qxe2+ 19. Nxe2) 17... N8e7 ({Nicht} 17... Rf8 18. Rf3 $17) 18. Rf3 (18. Qe2 $142) 18... Qh4+ 19. g3 Qg4 (19... Qh2 $19 {Und weiter mit ...Sf5 wäre nett.} 20. Rf2 Qg1+ 21. Ke2 Qxd1+ 22. Rxd1 Nf5) 20. Rd3 (20. Rf7 $17 {kämpft weiter.}) 20... Qxd1+ 21. Raxd1 b6 22. Ne2 h4 23. g4 (23. Ra3 $142) 23... Nd5 24. Nf2 e5 25. Rc1 Kb7 26. Rf3 Rhf8 27. Rf5 Ne3 28. Rxf8 Rxf8 29. Rc3 Nd5 30. Rh3 Re8 31. Kd2 e4 32. Nd1 Rf8 33. Nec3 Nxc3 34. bxc3 {[%mdl 4096] Endspiel KTS-KTS} Rf4 35. Ke3 Rxg4 36. Nf2 Rxg5 37. Nxe4 Rg1 38. Nd6+ Kc7 39. Ne8+ $2 (39. Nf5 {war nötig.}) 39... Kd7 40. Nxg7 Rg5 {Precision: Weiß = 34%, Schwarz = 70%.} 0-1

[Event "33rd ECCC Open 2017"]
[Site "Antalya"]
[Date "2017.10.12"]
[Round "5"]
[White "Danchevski, Orce"]
[Black "Vajda, Levente"]
[Result "0-1"]
[WhiteElo "2367"]
[BlackElo "2588"]
[Annotator "TA"]
[PlyCount "90"]
[EventType "team-tourn"]
[EventCountry "TUR"]
[SourceTitle "playchess.com"]
[Source "ChessBase"]
[SourceQuality "1"]
[WhiteTeam "Asseco See"]
[BlackTeam "Baia Mare"]

{[%evp 18,90,32,0,0,0,0,0,13,0,0,0,0,-18,0,-41,-44,-42,-45,-66,-56,-62,-59,-57,-53,-69,-41,-47,-48,-55,-50,-64,-62,-63,-63,-66,-66,-66,-66,-62,-51,-51,-45,-69,-43,-32,-39,-45,0,-14,0,0,0,0,0,0,0,-6,-2,-264,-199,-418,-418,-396,-389,-6079,-6079,-6079,-2113,-29966,-5097,-29979,-29979,-29987,-5456]} 1. d4 d5 2. Nf3 Nf6 3. c4 e6 4. Nc3 Be7 5. Bf4 O-O 6. e3 Nbd7 {[%cal Bb8d7,Bd7b6,Bb6d5][%mdl 32]} 7. Bd3 dxc4 {D37: Queen's Gambit Declined: 5 Bf4} 8. Bxc4 Nb6 9. Bd3 Nbd5 10. Bg3 {LiveBook: 4 Games} c5 11. O-O b6 $146 ({Predecessor:} 11... cxd4 12. Nxd4 Nxc3 13. bxc3 Qa5 14. Rb1 Qxa2 15. Nb5 Bd7 16. Ra1 Qb2 17. Rb1 Qa2 18. Ra1 Qb2 19. Rb1 {½-½ (19) Korobov,A (2700)-Fedoseev,V (2659) Skopje 2015}) 12. Nxd5 exd5 13. Ne5 Bb7 14. Rc1 c4 15. Bb1 b5 16. Bh4 Ne4 17. Bxe7 Qxe7 18. Qh5 g6 19. Qe2 f6 20. Nf3 Nd6 21. Nd2 Rac8 22. a3 a5 23. Rfe1 $1 f5 24. f4 b4 25. axb4 axb4 26. Nf3 Rc7 27. h3 Bc8 28. Kh2 Re8 29. Ne5 Nf7 (29... Be6 {is more complex.} 30. g4 Qh4 31. Nf3 Qd8 32. Ne5 b3) 30. Qf2 Nxe5 31. dxe5 Be6 32. Rg1 Qc5 33. g4 Rf7 34. gxf5 Bxf5 35. Bxf5 Rxf5 36. Qd2 Ra8 37. Rgd1 Ra2 {Threatens to win with ...c3.} 38. Rc2 $2 {[%mdl 8192]} (38. Qxd5+ $11 Qxd5 39. Rxd5 Rxb2+ 40. Kg3) 38... c3 $1 $19 {aiming for ...Rxb2.} 39. Qg2 $2 (39. e4 {was the only defense.} dxe4 40. Qd6 Qxd6 41. exd6) 39... Qxe3 40. Qxd5+ Kg7 41. Qb7+ $2 (41. Qxa2 Qxf4+ 42. Kg1 Rg5+ 43. Rg2) 41... Kh6 42. Qxb4 cxb2 43. Rb1 Ra3 (43... Ra1 $142 44. Qxb2 Qxf4+ 45. Kh1 Rxb1+ 46. Qxb1 Qe4+ 47. Kg1 Rg5+ 48. Kh2 Qxe5+ 49. Kh1 Qe4+ 50. Kh2 {[#]} Rg2+ $1 {[%mdl 512]} 51. Rxg2 Qxb1 52. Rf2 Kh5 53. Rf3 Qb2+ 54. Kg1 Qe2 55. Rf2 Qe3 56. Kg2 Kh4 57. Rf8 Qxh3+ 58. Kg1 Qg3+ 59. Kf1 Kh3 60. Rf2 Qxf2+ $1 {[%mdl 512]} 61. Kxf2 g5 62. Kf3 h5 63. Kf2 g4 64. Ke3 g3 65. Kf4 h4 66. Kg5 g2 67. Kg6 Kg4 68. Kf6 h3 69. Ke6 g1=Q 70. Kf7 h2 71. Ke6 h1=Q 72. Kf7 Qa7+ 73. Ke6 Qc6+ 74. Ke5 Qg7#) 44. Kh1 Rxf4 45. Qd2 Qxh3+ {Precision: White = 33%, Black = 67%.} (45... Qxe5 $142 46. Rc5 Qe4+ 47. Kh2 Re3 48. Rg5 Rff3 49. Qg2 Qxb1 50. Rb5 Rxh3+ 51. Qxh3+ Rxh3+ 52. Kxh3 Qf1+ 53. Kg4 Qxb5 54. Kf3 b1=Q 55. Kg2 Q1f1+ 56. Kg3 Qe5+ 57. Kh4 Qg5#) 0-1

[Event "33rd ECCC Open 2017"]
[Site "Antalya"]
[Date "2017.10.12"]
[Round "5"]
[White "Ashton, Adam G"]
[Black "Bjornsson, Sigurbjorn"]
[Result "1-0"]
[WhiteElo "2347"]
[BlackElo "2277"]
[Annotator "NA"]
[PlyCount "111"]
[EventType "team-tourn"]
[EventCountry "TUR"]
[SourceTitle "playchess.com"]
[Source "ChessBase"]
[SourceQuality "1"]
[WhiteTeam "3CS Oldham"]
[BlackTeam "Fjolnir"]
[TimeControl "40/5400+30:1800+30"]

1. e4 e5 2. Nf3 Nc6 3. Bc4 Bc5 4. d3 Nf6 5. c3 O-O {[%emt 0:01:00]} 6. O-O {[%emt 0:11:00]} d6 {[%emt 0:01:30]} 7. Bb3 {[%emt 0:02:30]} Ne7 {[%emt 0:03:30] C54: Giuoco Piano: 4 c3 Nf6, main lines with 5 d4 and 5 d3} (7... a6 8. Nbd2 Ba7 9. h3 Be6 10. Re1 Re8 11. Nf1 h6 12. Bc2 d5 13. exd5 Qxd5 14. Ng3 Rad8 15. Bd2 Qd6 16. Qc1 Nd5 17. d4 exd4 18. Bxh6 Ne3 19. fxe3 d3 {0-1 (35) Ponomariov,R (2709)-Anton Guijarro,D (2650) Tallinn 2016}) 8. Nh4 {[%emt 0:10:30]} Bg4 {[%emt 0:08:30]} 9. Qe1 {[%emt 0:02:30]} Qd7 {[%emt 0:05:30]} 10. Be3 {[%emt 0:04:30]} Bb6 {[%emt 0:01:30]} 11. Nd2 {[%emt 0:07:30]} Be6 $146 {[%emt 0:06:30]} ({Predecessor:} 11... Ng6 12. Nxg6 hxg6 13. Nc4 Rfe8 14. Nxb6 axb6 15. f3 {½-½ (45) Minor,S (2223)-Naumann,A (2535) Germany 2012}) 12. Nc4 {[%emt 0:10:30]} Ng6 {[%emt 0:02:30]} 13. Nxg6 {[%emt 0:01:30]} fxg6 {[%emt 0:00:30]} 14. f3 {[%emt 0:07:30]} Nh5 {[%emt 0:03:30]} 15. Nxb6 {[%emt 0:12:30]} axb6 {[%emt 0:00:30]} 16. Qd2 {[%emt 0:00:30]} h6 {[%emt 0:09:30]} 17. d4 {[%emt 0:02:30]} exd4 {[%emt 0:05:30]} 18. Qxd4 {[%emt 0:00:30]} g5 {[%emt 0:04:30]} 19. Rfd1 {[%emt 0:05:30]} Qf7 {[%emt 0:03:30]} 20. Bxe6 {[%emt 0:00:30]} Qxe6 {[%emt 0:00:30]} 21. Qd5 {[%emt 0:00:30]} Qxd5 {[%emt 0:01:30]} 22. Rxd5 {[%emt 0:00:30]} Nf6 {[%emt 0:00:30]} 23. Rd4 {[%emt 0:08:55]} g4 {[%emt 0:01:30]} 24. a3 {[%emt 0:02:30]} gxf3 {[%emt 0:01:30]} 25. gxf3 {[%emt 0:00:05]} Rae8 {[%emt 0:01:30]} 26. c4 {[%emt 0:02:32]} ({Better is} 26. Rd2 $15) 26... Nd7 {[%emt 0:02:30]} 27. Rf1 {[%emt 0:04:07]} Ne5 {[%emt 0:01:30]} 28. Kg2 {[%emt 0:00:18]} Re6 {[%emt 0:02:30]} 29. f4 {[%emt 0:03:02]} Nc6 {[%emt 0:01:30]} 30. Kf3 {[%emt 0:00:27]} Nxd4+ {[%emt 0:05:30]} 31. Bxd4 {[%emt 0:00:02]} Re7 {[%emt 0:02:30]} 32. Rg1 {[%emt 0:00:18]} Kh7 {[%emt 0:02:30]} 33. f5 {[%emt 0:00:59]} b5 {[%emt 0:00:30]} 34. cxb5 {[%emt 0:01:59]} d5 {[%emt 0:00:30]} 35. f6 {[%emt 0:00:56]} dxe4+ {[%emt 0:00:30]} 36. Ke3 {[%emt 0:00:00]} gxf6 {[%emt 0:03:54]} 37. Bc5 {[%emt 0:00:00]} Rff7 {[%emt 0:00:09]} 38. Bxe7 {[%emt 0:00:19]} Rxe7 {[%emt 0:00:27]} 39. a4 {[%emt 0:00:09]} f5 {[%emt 0:12:05]} 40. Kf4 {[%emt 0:00:00]} Rf7 {[%emt 0:04:55]} 41. a5 {[%emt 0:03:52]} c6 {[%emt 0:06:30] [#]} 42. b6 $1 {[%emt 0:09:30]} Rd7 {[%emt 0:03:30]} 43. Kxf5 {[%emt 0:07:08]} Rd5+ {[%emt 0:00:30]} 44. Kf6 {[%emt 0:00:04]} Rd6+ {[%emt 0:17:01]} 45. Kf7 {[%emt 0:01:31]} Rd7+ {[%emt 0:02:28]} 46. Ke6 {[%emt 0:01:51]} Rd5 {[%emt 0:00:14]} 47. b4 {[%emt 0:00:43]} Rb5 {[%emt 0:02:37]} 48. Kf6 {[%emt 0:01:04]} e3 {[%emt 0:04:20]} 49. Rg7+ {[%emt 0:01:54]} Kh8 {[%emt 0:00:04]} 50. Re7 {[%emt 0:03:04]} Rxb4 {[%emt 0:00:39]} 51. Rxe3 {[%emt 0:01:29]} Ra4 {[%emt 0:00:56]} 52. Re5 {[%emt 0:03:03]} Kh7 {[%emt 0:00:31]} 53. h4 {[%emt 0:01:24]} Rxh4 {[%emt 0:01:06]} 54. Re7+ {[%emt 0:00:30]} Kg8 $18 {[%emt 0:00:30]} 55. Rxb7 {[%emt 0:00:00]} Ra4 {[%emt 0:00:00]} 56. Ra7 {[%emt 0:00:18]} 1-0

[Event "33rd ECCC Open 2017"]
[Site "Antalya"]
[Date "2017.10.12"]
[Round "5"]
[White "Csonka, Attila Istvan"]
[Black "Rositsan, Boris"]
[Result "1-0"]
[WhiteElo "2347"]
[BlackElo "2087"]
[Annotator "NA"]
[PlyCount "153"]
[EventType "team-tourn"]
[EventCountry "TUR"]
[SourceTitle "playchess.com"]
[Source "ChessBase"]
[SourceQuality "1"]
[WhiteTeam "Dunajska Streda"]
[BlackTeam "MAKABI"]
[TimeControl "40/5400+30:1800+30"]

1. e4 {[%emt 0:00:30]} g6 {[%emt 0:01:00]} 2. d4 {[%emt 0:00:30]} Bg7 {[%emt 0:00:30]} 3. Nf3 {[%emt 0:00:30]} d6 {[%emt 0:00:30]} 4. Bc4 {[%emt 0:00:30]} Nf6 {[%emt 0:02:30]} 5. Qe2 {[%emt 0:02:30]} O-O {[%emt 0:04:30]} 6. Bb3 {[%emt 0:01:30]} Bg4 {[%emt 0:01:30]} 7. Nc3 {[%emt 0:01:30]} c6 {[%emt 0:00:30]} 8. Bg5 {[%emt 0:05:30] B08: Pirc Defence: Classical System} a5 $146 {[%emt 0:01:30]} ({Predecessor:} 8... Qa5 9. Bd2 Qh5 10. O-O-O Nbd7 11. Qe3 c5 12. Ne2 Bxf3 13. gxf3 Rac8 14. c3 cxd4 15. Nxd4 {0-1 (42) Kaplivatski,A (2250)-Zoler,D (2497) Israel 2002}) 9. e5 {[%emt 0:04:30]} Bxf3 {[%emt 0:07:30]} 10. Qxf3 {[%emt 0:02:30]} dxe5 {[%emt 0:00:30]} 11. dxe5 {[%emt 0:00:30]} a4 {[%emt 0:08:30]} 12. Nxa4 {[%emt 0:07:30]} Qa5+ {[%emt 0:09:30]} 13. Qc3 {[%emt 0:00:30]} Ne4 {[%emt 0:04:30]} 14. Qxa5 {[%emt 0:01:30]} Rxa5 {[%emt 0:00:30]} 15. Bxe7 {[%emt 0:02:30]} Re8 {[%emt 0:01:30]} 16. Bb4 {[%emt 0:00:30]} Raxe5 {[%emt 0:02:30]} 17. O-O {[%emt 0:00:30]} b5 {[%emt 0:01:30]} 18. Nc3 {[%emt 0:03:30]} Nd2 {[%emt 0:14:30]} 19. Bd6 {[%emt 0:02:30]} Nxb3 {[%emt 0:02:30]} 20. axb3 {[%emt 0:00:30]} R5e6 {[%emt 0:00:30]} 21. Bxb8 {[%emt 0:01:30]} Rxb8 {[%emt 0:00:30]} 22. Rfe1 {[%emt 0:00:30]} Rxe1+ {[%emt 0:02:30]} 23. Rxe1 {[%emt 0:00:00]} b4 {[%emt 0:00:30]} 24. Na4 {[%emt 0:01:00]} Rd8 {[%emt 0:00:30]} 25. Kf1 {[%emt 0:00:30]} Rd2 {[%emt 0:01:30]} 26. Re8+ {[%emt 0:00:30]} Bf8 {[%emt 0:00:30]} 27. c3 {[%emt 0:00:00]} Kg7 {[%emt 0:01:30]} 28. Ke1 {[%emt 0:03:00]} Rd6 {[%emt 0:01:30]} 29. Ke2 {[%emt 0:02:30]} Rd5 {[%emt 0:02:30]} 30. Rc8 {[%emt 0:07:30]} Rd6 {[%emt 0:04:30]} 31. Nc5 {[%emt 0:01:30]} Rd5 {[%emt 0:03:30]} 32. Nd3 {[%emt 0:01:30]} c5 {[%emt 0:03:25]} 33. g4 {[%emt 0:02:30]} h5 {[%emt 0:03:49]} 34. h3 {[%emt 0:00:30]} Be7 {[%emt 0:01:25]} 35. c4 {[%emt 0:02:30]} Rd4 {[%emt 0:01:54]} 36. f3 {[%emt 0:00:30]} hxg4 {[%emt 0:00:12]} 37. hxg4 {[%emt 0:00:00]} f5 {[%emt 0:00:18]} 38. gxf5 {[%emt 0:01:00]} gxf5 {[%emt 0:01:34]} 39. Nxc5 {[%emt 0:00:30]} Rh4 {[%emt 0:00:00]} 40. Nd3 {[%emt 0:00:00]} Rh2+ {[%emt 0:00:53]} 41. Kf1 {[%emt 0:02:00]} Rd2 {[%emt 0:01:30]} 42. Nf4 {[%emt 0:00:30]} Bh4 {[%emt 0:01:30]} 43. Rc7+ {[%emt 0:00:30]} Kg8 {[%emt 0:01:30]} 44. Rb7 {[%emt 0:05:30]} Rf2+ {[%emt 0:01:30]} 45. Kg1 {[%emt 0:00:30]} Rxf3 {[%emt 0:00:30]} 46. Nd5 {[%emt 0:01:30]} f4 {[%emt 0:01:30]} 47. Rxb4 {[%emt 0:03:30]} Bg3 {[%emt 0:03:30]} 48. c5 {[%emt 0:00:30]} Rd3 {[%emt 0:10:30]} 49. Nxf4 {[%emt 0:01:30]} Rd2 {[%emt 0:01:30]} 50. c6 {[%emt 0:00:30]} Rc2 {[%emt 0:00:00]} 51. Nd3 {[%emt 0:00:30]} Bh2+ {[%emt 0:02:00]} 52. Kh1 {[%emt 0:00:30]} Bc7 {[%emt 0:00:30]} 53. Rc4 {[%emt 0:00:00]} Rd2 {[%emt 0:00:00]} 54. Nb4 {[%emt 0:00:00]} Rxb2 {[%emt 0:00:00]} 55. Nd5 {[%emt 0:00:30]} Bd6 {[%emt 0:03:26]} 56. b4 {[%emt 0:00:00]} Kf7 {[%emt 0:00:16]} 57. c7 {[%emt 0:01:00]} Bxc7 {[%emt 0:00:30]} 58. Nxc7 {[%emt 0:00:30]} Ke7 {[%emt 0:00:30]} 59. Kg1 {[%emt 0:00:30]} Kd7 {[%emt 0:00:00]} 60. Nd5 {[%emt 0:00:30]} Kd6 {[%emt 0:00:43]} 61. Nc3 {[%emt 0:02:30]} Kd7 {[%emt 0:00:23]} 62. Kf1 {[%emt 0:00:30]} Kd6 {[%emt 0:01:02]} 63. Ke1 {[%emt 0:00:30]} Kd7 {[%emt 0:00:36]} 64. Kd1 {[%emt 0:00:00]} Rh2 {[%emt 0:00:00]} 65. Kc1 {[%emt 0:00:00]} Rg2 {[%emt 0:00:14]} 66. b5 {[%emt 0:00:30]} Rh2 {[%emt 0:00:47]} 67. b6 {[%emt 0:01:30]} Rh1+ {[%emt 0:01:29]} 68. Kb2 {[%emt 0:00:30]} Rh8 {[%emt 0:00:35]} 69. Kb3 {[%emt 0:00:00]} Rb8 {[%emt 0:00:38]} 70. Na4 {[%emt 0:00:00]} Kd6 {[%emt 0:00:30]} 71. Kb4 {[%emt 0:00:30]} Kd5 {[%emt 0:01:24]} 72. Kb5 {[%emt 0:00:00]} Ra8 {[%emt 0:01:23]} 73. b7 {[%emt 0:03:00]} Rb8 {[%emt 0:00:30]} 74. Nb6+ {[%emt 0:00:30]} Kd6 {[%emt 0:00:00]} 75. Ka6 {[%emt 0:00:30]} Rg8 {[%emt 0:00:14]} 76. Nc8+ {[%emt 0:00:30]} Kd5 {[%emt 0:00:47]} 77. Ne7+ {[%emt 0:00:00]} 1-0